000 00965nam a2200301 i 4500
003 DO-SdBNP
005 20250611073819.0
007 ta
008 240819s2023 dr 000 j spa d
020 _a9789945621983
020 _a9789945621952 (electronico)
040 _aDO-SdBNP
_bspa
_cBNPHU
_erda
082 _222
_bR426p
110 1 _aRepública Dominicana.
_bMinisterio de Salud Pública
_980830
245 1 0 _aPolítica nacional de hospitales seguros frente a desastres /
264 1 _aSanto Domingo :
_bMspas,
_c2023.
300 _a46 páginas,
_c28 cm.
336 _2rdacontent
_atexto
_btxt
337 _2rdamedia
_asin mediación
_bn
338 _2rdacarrier
_avolumen
_bnc
500 _aIncluye glosario.
504 _aBibliografía p: 40-43.
590 _aInventariado, 2024/ YL
650 4 _aTuberculosis
_xTratamiento
_979001
710 1 _aMinisterio de Salud Pública y Asistencia Social
_986348
910 _aYLockward
942 _2ddc
_cLF2
999 _c57477
_d57477